000 00401nam a22001457a 4500
005 20180207113015.0
008 180207b xxu||||| |||| 00| 0 eng d
020 _a9698454015
040 _cPK-LaUMT
082 _aPKAC 297
_bFEH-
245 _aFehm e Deen(فہم دین)
_cFaiz Muhammad Sheikh(Compiler)
260 _aاسلام آباد:
_bالفیض ٹرسٹ
_c2005
300 _a283
942 _cBK
999 _c102730
_d102730